000 02738nab a22006017a 4500
003 AR-RoUNA
022 _a03282384
040 _aAR-RoUNA
_bspa
041 _aspa
_hspa
044 _aag
110 _98413
_aSecretaria de Ciencia y Técnica.
_bBoletín de la Secretaria
245 _aCiencia y Tecnica
_hNº 4
_bBoletín de la Secretaría
260 _aBuenos Aires :
_bUP,
_c1994
300 _a58. p. :
_bplantas
_bfot. byn.
_c26x 20 cm
505 _tPANORAMA. p. 3
505 _tCONSEJO FEDERAL DE EDUCACIÒN. p. 4
505 _aIV Congreso Panamericano de Bioquímica. p. 8
505 _tPANORAMA NACIONALES. p. 9
505 _aPrograma Nacional de Energía No Convencional .p. 9
505 _aNoticias de Petroquímica. p. 13
505 _aNoticias de Biotecnología. p.14
505 _tCONICET. p. 15
505 _aReunión preparatoria para CASTALAC II. p. 15
505 _tINIQUI- Instituto de Investigaciones para la Industria Química. p. 18
505 _tCOORDINACIÒN Y PLANIFICACIÒN . p. 21
505 _aCoordinación Interregional. p. 21
505 _aProyecto de ley de Transferencia de Tecnología. p. 25
505 _aEstudio sobre los contratos de transferencia de tecnología 1977/83. p. 26
505 _tINFORMATICA . p. 28
505 _aRelevamiento del parque computacional. p. 28
505 _aLa informática en la educación primaria y secundaria. p. 30
505 _aNoticias de informática. p. 32
505 _aComisión Nacional de Informática. p. 36
505 _tACTIVACIÒN DE COOPERACIÒN INTERNACIONAL. p. 37
505 _aPolítica científica del Departamento de Ciencias del Hombre y de la Sociedad del CNRS- Francia. p.41
505 _tCURSOS, BECAS Y REUNIONES CIENTIFICAS. p. 43
505 _aSegundo Encuentro Latinoamericano del Sistema Metalurgia. p. 45
505 _aPrimer Curso Internacional de Inmunohistoquímica del Sistema Nervioso. p. 48
505 _aCèsar Milstein, Premio Nobel de Medicina. p.49
505 _tDIVULGACIÒN CIENTIFICA Y TECNOLOGICA .p. 51
505 _aRicardo Ojeda y Michel Mares; La degradación de los recursos naturales y la fauna silvestre en Argentina. p.51
505 _aPublicaciones Recibidas. p. 56
505 _tDOCUMENTOS. p. 58
505 _aCèsar Milstein: Experimentando con isótopos, enzimas y anticuerpos. p.58
650 _aArquitectura
_911395
650 _aCiencia
_911396
773 0 _aBoletín de la Secretaría: Ciencia y Técnica
_dBuenos Aires, Aller Atucha y Asociados. 1988
_gnro.4 (nov-1984), 58.p
_x03265773
856 _uwww.secyt.unlu.edu.ar
908 _aImp
942 _2udc
_cART
945 _aMBP
_d2018-06-12
980 _81
_gMaricel Allasia
_61
_aMaricel Allasia
999 _c12466
_d12466